Catalogue of cometary orbits (Record no. 18678)

MARC details
000 -LEADER
fixed length control field 00472nam a2200157Ia 4500
003 - CONTROL NUMBER IDENTIFIER
control field IN-BaIIA
008 - FIXED-LENGTH DATA ELEMENTS--GENERAL INFORMATION
fixed length control field 211028s9999 xx 000 0 eng d
040 ## - CATALOGING SOURCE
Transcribing agency IIA Library
080 ## - UNIVERSAL DECIMAL CLASSIFICATION NUMBER
Universal Decimal Classification number 083.8:52
Item number POR
100 ## - MAIN ENTRY--PERSONAL NAME
Personal name Porter, J. E
9 (RLIN) 35760
245 #0 - TITLE STATEMENT
Title Catalogue of cometary orbits
Statement of responsibility, etc. J. E. Porter
260 ## - PUBLICATION, DISTRIBUTION, ETC.
Place of publication, distribution, etc. Hounslow West
Name of publisher, distributor, etc. British Astronomical Association
Date of publication, distribution, etc. 1961
490 ## - SERIES STATEMENT
Series statement Memoirs of the british Astronomical Association
650 ## - SUBJECT ADDED ENTRY--TOPICAL TERM
Topical term or geographic name entry element Comets-Orbits
9 (RLIN) 35761
942 ## - ADDED ENTRY ELEMENTS (KOHA)
Koha item type Books
Holdings
Withdrawn status Lost status Damaged status Not for loan Home library Current library Shelving location Date acquired Total Checkouts Full call number Barcode Date last seen Price effective from Koha item type
        IIA Library-Bangalore IIA Library-Kodaikanal General Stacks 07/05/2013   083.8:52/ POR 19600 05/11/2021 07/05/2013 Books

Powered by Koha